Normal view MARC view
  • Gorjón Barranco, María Concepción

Entry Nombre Personal

Number of records used in: 1

001 - NUMERO DE CONTROL

  • campo de control: 58421

003 - IDENTIFICADOR DE NUMERO DE CONTROL

  • campo de control: DLC

005 - FECHA Y HORA DE LA ÜLTIMA TRANSACCIÓN

  • campo de control: 20251107092325.0

008 - DATOS DE LONGITUD FIJA

  • campo de control de longitud fija: 130423n| azannaabn |a aaa

010 ## - NÚMERO DE CONTROL DE LA BIBLIOTECA DEL CONGRESO

  • Número de control LC: n 2013022599

040 ## - FUENTE DE CATALOGACIÓN

  • Agencia original de catalogación: DLC
  • Lenguaje de catalogación: spa
  • Agencia de transcripción: DLC
  • Description conventions: rda
  • Agencia que lo modifica: MX-MxUPN

100 1# - ENCABEZAMIENTO - NOMBRE PERSONAL

  • Nombre personal: Gorjón Barranco, María Concepción

370 ## - LUGAR ASOCIADO

  • Associated country: Spain
  • Fuente del término: naf

372 ## - CAMPO DE ACTIVIDAD

  • Field of activity: Criminal law
  • Fuente del término: lcsh

373 ## - GRUPO ASOCIADO

  • Associated group: Universidad de Salamanca
  • Fuente del término: naf

374 ## - OCUPACIÓN

  • Occupation: Law teachers
  • Fuente del término: lcsh

377 ## - LENGUA ASOCIADA

  • Language code: spa

400 1# - VEÁSE - NOMBRE DE PERSONA

  • Personal name: Gorjón Barranco, Ma. Concepción
  • Fuller form of name: (María Concepción)

670 ## - FUENTE EN LA QUE SE LOCALIZARON DATOS

  • Cita de la fuente: Poder y delito, 2012:
  • Información localizada: portada (Ma. Concepción Gorjón Barranco)

670 ## - FUENTE EN LA QUE SE LOCALIZARON DATOS

  • Cita de la fuente: Últimas reformas legales en los delitos de violencia de género, 2018:
  • Información localizada: portada (María Concepción Gorjón Barranco, criminal law professor, Universidad de Salamanca)

670 ## - FUENTE EN LA QUE SE LOCALIZARON DATOS

  • Cita de la fuente: Políticas públicas en defensa de la inclusión, la diversidad y el género, 2020:
  • Información localizada: portada (María Concepción Gorjón Barranco, dirección)

902 ## - CATALOGADOR

  • Catalogador: Víctor Ruiz/071125